[Event "Let's Play Chess!"]
[Site "http://www.queenalice.com/game.php?id=1587276"]
[Date "2019.10.18"]
[Round "-"]
[White "paolop69"]
[Black "esquadro"]
[Result "0-1"]
[WhiteElo "1713"]
[BlackElo "1494"]

1. e4 e5 2. Bc4 f5 3. Qh5+ g6 4. exf5 gxh5 5. Be2 Nf6 6. Nf3 Bh6 7. Nxe5 Qe7 8.
Nd3 d6 9. Kd1 Bxf5 10. Re1 Nc6 11. Bxh5+ Nxh5 12. Rxe7+ Kxe7 13. Nc3 Nf6 14. f3
a6 15. h3 Bxd3 16. cxd3 b5 17. Ne4 Nh5 18. a3 Nf4 19. Kc2 Bg7 20. Rb1 Nxg2 21.
Kb3 Nd4+ 22. Ka2 Nxf3 23. Ng3 Ngh4 24. d4 Nxd4 25. d3 Kd7 26. Nh5 Bf8 27. Nf6+
Ke6 28. Ng4 d5 29. Be3 Nc6 30. Rc1 Ne7 31. Bg5 Nf3 32. Bxe7 Bxe7 33. Rxc7 Bh4
34. Rc6+ Kf5 35. Ne3+ Kf4 36. Nxd5+ Kg3 37. Ne3 Kxh3 38. Rh6 Raf8 39. Ng4 Kxg4
0-1

[Event "JSPR 999.987"]
[Site "http://www.queenalice.com/game.php?id=1587954"]
[Date "2019.10.29"]
[Round "-"]
[White "esquadro"]
[Black "zubarev"]
[Result "0-1"]
[WhiteElo "1500"]
[BlackElo "1887"]

1. d4 Nf6 2. Nc3 e6 3. Nh3 Be7 4. g3 O-O 5. e3 d6 6. e4 Nbd7 7. b3 e5 8. d5 Nb6
9. Bd3 Bxh3 10. a4 c6 11. dxc6 bxc6 12. a5 Nbd7 13. b4 Bg4 14. f3 Be6 15. g4 d5
16. Be3 d4 17. Bxd4 exd4 18. Nb1 Bxb4+ 19. Nd2 Bxa5 20. O-O Bxd2 21. Qxd2 c5 22.
Bb5 Nb6 23. Qd3 c4 24. Qd2 d3 25. c3 Qc8 26. Ba6 Qd7 27. Qe3 Na4 28. Rfc1 Rfb8
29. Qd4 Qxd4+ 30. cxd4 Nb6 31. d5 Bc8 32. Bb5 Nbxd5 33. exd5 Bb7 34. Bxc4 Bxd5
35. Bxd3 Bxf3 36. g5 Nd5 37. Rf1 Bh5 38. Be4 Rb5 39. Rab1 Rc5 40. Rf5 Bg6 41.
Rbf1 Bxf5 42. Rxf5 Rd8 43. Bf3 Rc1+ 44. Kf2 Nc3 45. Bh5 g6 46. Bxg6 hxg6 47. Rf6
Ne4+ 48. Ke3 Nxf6 49. gxf6 a5 50. h4 a4 51. Kf4 Rc4+ 52. Kg5 Kh7 53. h5 Rd5# 0-1

[Event "Let's Play Chess!"]
[Site "http://www.queenalice.com/game.php?id=1597812"]
[Date "2020.1.30"]
[Round "-"]
[White "sph44"]
[Black "esquadro"]
[Result "1-0"]
[WhiteElo "1850"]
[BlackElo "1575"]

1. d4 d5 2. Nf3 e6 3. e3 Bd6 4. c4 dxc4 5. Bxc4 Bb4+ 6. Bd2 Nc6 7. Bxb4 Nxb4 8.
Qa4+ Nc6 9. e4 Nf6 10. Nc3 O-O 11. O-O-O Qe7 12. d5 exd5 13. Bxd5 Nxd5 14. Nxd5
Qc5+ 15. Qc2 Qd6 16. e5 Qh6+ 17. Rd2 f6 18. Nxc7 Rb8 19. e6 Ne7 20. Rd1 b6 21.
Kb1 Bb7 22. Rd7 Nc6 23. e7 Nxe7 24. Rxe7 Qh5 25. Qb3+ Kh8 26. Rde1 Rfc8 27. Qf7
Qxf7 28. Rxf7 a5 29. Ree7 Bxf3 30. gxf3 Rb7 31. Rxg7 Rbxc7 32. Rxh7+ Kg8 33.
Rxc7 Rxc7 34. Rxc7 Kf8 35. Kc2 Ke8 36. Kc3 Kd8 37. Rh7 Kc8 38. Kc4 Kd8 39. Kb5
Ke8 40. Kxb6 Kf8 41. Kxa5 Kg8 42. Rc7 Kf8 43. b4 Ke8 44. b5 Kf8 45. b6 Ke8 46.
b7 Kd8 47. b8=Q# 1-0

[Event "Let's Play Chess!"]
[Site "http://www.queenalice.com/game.php?id=1597813"]
[Date "2020.1.30"]
[Round "-"]
[White "esquadro"]
[Black "sph44"]
[Result "0-1"]
[WhiteElo "1673"]
[BlackElo "1815"]

1. e4 e5 2. Bc4 a6 3. d3 b5 4. Bb3 Bc5 5. Qf3 Nf6 6. a4 c6 7. Nh3 O-O 8. Be3
Bxe3 9. fxe3 d6 10. Qf1 Qb6 11. Qe2 Bxh3 12. gxh3 Nbd7 13. Nd2 Nc5 14. a5 Qc7
15. Nf3 Nxb3 16. cxb3 c5 17. Nh4 b4 18. Nf5 g6 19. Nh6+ Kh8 20. Qf3 Qd8 21. Ng4
Nd7 22. O-O f6 23. d4 h5 24. Nf2 f5 25. exf5 Rxf5 26. Qd5 Rg5+ 27. Kh1 Nf6 28.
Qf7 Rc8 29. Qc4 cxd4 30. Qxb4 dxe3 31. Nd3 Rc2 32. Rg1 Qa8+ 33. Rg2 Qxg2# 0-1

[Event "Let's Play Chess!"]
[Site "http://www.queenalice.com/game.php?id=1597922"]
[Date "2020.1.31"]
[Round "-"]
[White "ztnilz"]
[Black "esquadro"]
[Result "1-0"]
[WhiteElo "1967"]
[BlackElo "1532"]

1. d4 d5 2. c4 Na6 3. Nc3 e6 4. Nf3 h6 5. e3 Be7 6. cxd5 exd5 7. Qb3 Nf6 8. h3
Nb4 9. a3 Na6 10. Bxa6 bxa6 11. Qa4+ Nd7 12. Qc6 Rb8 13. Nxd5 Bd6 14. Qc2 Bb7
15. Nc3 Qf6 16. e4 Qg6 17. Nh4 Qf6 18. Nf3 Nb6 19. Be3 Bf4 20. e5 Qg6 21. Qxg6
fxg6 22. Bxf4 g5 23. Bg3 O-O 24. O-O-O Bc6 25. d5 Ba4 26. Rde1 Bb3 27. e6 Rbe8
28. Bxc7 Nc8 29. e7 Rxe7 30. Rxe7 Nxe7 31. d6 Nc6 32. Re1 Bf7 33. d7 Bg6 34. Ne5
Nxe5 35. Rxe5 Bh5 36. d8=Q Rxd8 37. Bxd8 Kh7 38. Re7 Kg8 39. Rxa7 Kf8 40. Rxa6
Ke8 41. Ba5 Kf8 42. Ra7 Kg8 43. Nd5 Bf7 44. Ne7+ Kf8 45. Bb4 Ke8 46. Rc7 Kd8 47.
Bd6 Be6 48. a4 Bd7 49. a5 Bb5 50. b4 Ke8 51. Ra7 Kf7 52. Bc5 Ke6 53. Kd2 Kf6 54.
Nd5+ Kg6 55. Bd4 Bc4 56. Nc7 Bf1 57. b5 Bxg2 58. b6 Bxh3 59. b7 Bd7 60. b8=Q Kh7
61. Qf8 h5 62. Qxg7# 1-0

[Event "Let's Play Chess!"]
[Site "http://www.queenalice.com/game.php?id=1597923"]
[Date "2020.1.31"]
[Round "-"]
[White "esquadro"]
[Black "ztnilz"]
[Result "0-1"]
[WhiteElo "1700"]
[BlackElo "1991"]

1. e4 c5 2. c3 Nc6 3. d4 cxd4 4. cxd4 e6 5. Nf3 d6 6. Nc3 a6 7. Bg5 Be7 8. a3
Bxg5 9. Nxg5 Qxg5 10. Na4 Qd8 11. Rc1 Bd7 12. f4 b5 13. Nc3 Qb6 14. Ne2 Nf6 15.
d5 exd5 16. exd5 Ne7 17. Nd4 Nfxd5 18. Qd3 O-O 19. g3 Rac8 20. Kd1 Rxc1+ 21.
Kxc1 Rc8+ 22. Kd1 Qc5 23. Ke2 Bg4+ 24. Kd2 Qc1# 0-1

[Event "Challenge"]
[Site "http://www.queenalice.com/game.php?id=1601386"]
[Date "2020.3.2"]
[Round "-"]
[White "jenyasm"]
[Black "esquadro"]
[Result "1-0"]
[WhiteElo "1725"]
[BlackElo "1557"]

1. e4 d5 2. exd5 Qxd5 3. Nc3 Qd8 4. d4 e6 5. Nf3 c5 6. dxc5 Qc7 7. Bb5+ Bd7 8.
b4 Nf6 9. h3 a6 10. Bxd7+ Nfxd7 11. O-O Nc6 12. a3 Nf6 13. Re1 h6 14. Ne4 Nh5
15. Nd6+ Bxd6 16. cxd6 Qd7 17. Ne5 Nxe5 18. Rxe5 Nf6 19. c4 O-O 20. c5 Qd8 21.
Qd3 b5 22. Qg3 Ne8 23. Bxh6 Qf6 24. Bf4 a5 25. Bg5 Qg6 26. h4 axb4 27. d7 Nc7
28. d8=Q Raxd8 29. Bxd8 Qxg3 30. fxg3 Rxd8 31. axb4 f6 32. Ree1 Kf7 33. Ra7 Rd7
34. Rf1 Kg8 35. Re1 e5 36. Rea1 Re7 37. R1a5 Kf7 38. g4 e4 39. Kf1 Ke6 40. Ra2
Kd7 41. Kf2 Kd8 42. Kg3 e3 43. Re2 Kd7 44. Kf3 Kd8 45. Rxe3 Rxe3+ 46. Kxe3 Kd7
47. Kf4 Kc6 48. Kf5 Ne8 49. Ra6+ Kd5 50. Rb6 Kc4 51. Ke6 Nc7+ 52. Kf7 Kxb4 53.
Kxg7 Kxc5 54. Rxf6 Ne8+ 55. Kf7 Nxf6 56. Kxf6 b4 57. g5 b3 58. g6 b2 59. g7 b1=Q
60. g8=Q Qf1+ 61. Ke7 Qe1+ 62. Kd7 Qxh4 63. Qf8+ Kd4 64. Qb4+ Ke5 65. Qxh4 Kf5
66. Qe7 Kf4 67. g3+ Kxg3 68. Qf6 Kg2 69. Qf4 Kg1 70. Qf3 Kh2 71. Ke6 Kg1 72. Kf5
Kh2 73. Qg4 Kh1 74. Kf4 Kh2 75. Kf3 Kh1 76. Qg2# 1-0

[Event "Let's Play Chess!"]
[Site "http://www.queenalice.com/game.php?id=1601509"]
[Date "2020.3.4"]
[Round "-"]
[White "charles31"]
[Black "esquadro"]
[Result "1-0"]
[WhiteElo "1686"]
[BlackElo "1532"]

1. Nc3 d5 2. d4 Nf6 3. h3 Nc6 4. Nf3 a5 5. a3 Ne4 6. Nxe4 dxe4 7. Nh2 Qxd4 8.
Qxd4 Nxd4 9. Rb1 Nxc2+ 10. Kd1 Nd4 11. e3 Nf5 12. Bb5+ c6 13. Ba4 e5 14. Ke2 Bc5
15. Bc2 O-O 16. Bxe4 Nd6 17. b3 Nxe4 18. Bb2 Bd6 19. Rhd1 Bc5 20. f3 Ng3+ 21.
Kf2 Nh5 22. g4 Nf6 23. Bxe5 Nd5 24. Bd4 b6 25. Bxc5 bxc5 26. Rbc1 a4 27. e4 Nf4
28. h4 axb3 29. Rxc5 Bb7 30. Ke3 Ng2+ 31. Kf2 Nxh4 32. Rc3 Rxa3 33. Rb1 h6 34.
Rcxb3 Ra7 35. Rxb7 Ra2+ 36. R1b2 Raa8 37. f4 Ng6 38. Ke3 Nh4 39. Kf2 Ng6 40. Kf3
Nh4+ 41. Kg3 Ng6 42. R2b3 Rae8 43. R3b4 Rc8 44. Nf3 Rfe8 45. Rc4 Kf8 46. Rc5 Ne7
47. f5 Red8 48. g5 hxg5 49. Nxg5 Ke8 50. Re5 Rd7 51. Rxd7 Kxd7 52. Nxf7 c5 53.
Re6 Nc6 54. Ne5+ Nxe5 55. Rxe5 c4 56. Rd5+ Ke8 57. Rd2 c3 58. Rc2 Kd8 59. Kf4
Ke7 60. e5 Rc4+ 61. Ke3 Kd7 62. Kd3 Rc8 63. Rxc3 Rxc3+ 64. Kxc3 Ke7 65. Kd4 Ke8
66. Kd5 g5 67. fxg6 Kf8 68. Ke6 Kg7 69. Ke7 Kxg6 70. e6 Kf5 71. Kf7 Ke5 72. e7
Kd5 73. e8=Q Kd4 74. Kf6 Kd3 75. Ke5 Kd2 76. Ke4 Ke2 77. Qh5+ Kd2 78. Qf3 Kc2
79. Qd3+ Kb2 80. Kd4 Ka1 81. Qd2 Kb1 82. Kc3 Ka1 83. Qb2# 1-0

[Event "Let's Play Chess!"]
[Site "http://www.queenalice.com/game.php?id=1601981"]
[Date "2020.3.9"]
[Round "-"]
[White "Francisco333"]
[Black "esquadro"]
[Result "0-1"]
[WhiteElo "975"]
[BlackElo "1557"]

1. e4 d5 2. Nc3 e6 3. Nf3 Nc6 4. d3 Nf6 5. Bg5 Be7 6. d4 a6 7. Be2 b5 8. O-O O-O
9. e5 Ne4 10. Bf4 Nxc3 11. bxc3 f6 12. a3 fxe5 13. dxe5 Rxf4 14. Qd2 Rf8 15. Bd3
Qe8 16. Rfe1 Nd8 17. Nd4 Nb7 18. Qd1 Nc5 19. Qe2 Na4 20. Qd2 c5 21. Nb3 c4 22.
Nd4 cxd3 23. cxd3 Bc5 24. Rab1 Bxa3 25. Qe3 Bc5 26. Ne2 Bxe3 27. fxe3 d4 28.
cxd4 Nb6 29. Nf4 Nd5 30. Rf1 Nxe3 31. Rfe1 Ng4 32. h3 Nh6 33. Ne2 Bb7 34. Ng3
Qg6 35. Re3 Nf5 36. Rf3 Bxf3 0-1

[Event "Let's Play Chess!"]
[Site "http://www.queenalice.com/game.php?id=1603835"]
[Date "2020.3.23"]
[Round "-"]
[White "Olavio"]
[Black "esquadro"]
[Result "0-1"]
[WhiteElo "1643"]
[BlackElo "1509"]

1. e4 d5 2. Nc3 Nf6 3. Nxd5 Nxe4 4. Ne3 Nc6 5. Bb5 Bd7 6. Qf3 Ng5 7. Qd5 e6 8.
Qd3 a6 9. Bxc6 bxc6 10. b3 Qf6 11. c3 c5 12. Ng4 Qf4 13. Ne3 Bb5 14. Ne2 Qf6 15.
Ng4 Bxd3 16. a4 Qf5 17. Ne3 Qe4 18. Ng3 Qb7 19. Ra3 Bd6 20. Ne2 O-O 21. Bb2 e5
22. Nc1 Bg6 23. c4 Qb4 24. Nd5 Qb7 25. Bc3 c6 26. Ne3 Qd7 27. d3 Bc7 28. Kd2 f5
29. Re1 Rfd8 30. Nd1 e4 31. Nb2 Bf4+ 32. Re3 Bxh2 33. Ba5 Rf8 34. b4 Bg1 35. Rh3
Bxf2 36. bxc5 Bxc5 37. Rc3 f4 38. Kc2 f3 39. dxe4 Bxe4+ 40. Nbd3 fxg2 41. Rg3
Rf5 42. Kb2 g1=Q 43. Nxc5 Qxc5 0-1

[Event "Challenge"]
[Site "http://www.queenalice.com/game.php?id=1605547"]
[Date "2020.4.3"]
[Round "-"]
[White "DanielAlvesGarciaSantosSilva"]
[Black "esquadro"]
[Result "1-0"]
[WhiteElo "1741"]
[BlackElo "1554"]

1. d4 d5 2. Bf4 Na6 3. c3 Nf6 4. f3 Nh5 5. Bg5 h6 6. Bh4 g5 7. Bf2 Bg7 8. e3 c5
9. Na3 Bd7 10. Bd3 Nc7 11. Ne2 e6 12. O-O a6 13. Qd2 O-O 14. Nc2 cxd4 15. cxd4
b5 16. b4 e5 17. dxe5 Bxe5 18. Ncd4 Bxd4 19. Nxd4 Qf6 20. Qc2 Qd6 21. Bh7+ Kh8
22. g4 Nf6 23. Nf5 Qb6 24. e4 Qb8 25. Bd4 Kxh7 26. Bxf6 Bxf5 27. exf5 Qb6+ 28.
Kh1 Qxf6 29. Qxc7 a5 30. bxa5 Rad8 31. Rab1 Rb8 32. Qc5 Qa6 33. Qxd5 Qxa5 34.
Rb2 Qa4 35. Rfb1 Qa7 36. Rxb5 Rxb5 37. Rxb5 Qe7 38. Rb1 Rd8 39. Qb3 Qf6 40. a4
Rc8 41. a5 Rc3 42. Qb7 Ra3 43. Qb6 Qe7 44. a6 Rxf3 45. Ra1 Qe4 46. Kg1 Qxg4+ 47.
Kh1 Rxf5 48. Qg1 Qe4+ 49. Qg2 Qf4 50. a7 g4 51. a8=Q g3 52. Qxg3 Qd4 53. Qag8#
1-0

[Event "Let's Play Chess!"]
[Site "http://www.queenalice.com/game.php?id=1613125"]
[Date "2020.5.21"]
[Round "-"]
[White "mathias2001"]
[Black "esquadro"]
[Result "1/2-1/2"]
[WhiteElo "1501"]
[BlackElo "1485"]

1. e4 e5 2. Nf3 d6 3. Bc4 Nh6 4. d3 Be7 5. Nc3 Nc6 6. d4 Bf6 7. Be3 Na5 8. b3
Bd7 9. O-O exd4 10. Bxd4 c5 11. Be3 Bxc3 12. Rb1 a6 13. Qd5 Be6 14. Qd3 Bf6 15.
Rbd1 Ng4 16. Bf4 b5 17. Bxe6 fxe6 18. h3 Nh6 19. Bxd6 Nf7 20. e5 Be7 21. Bxe7
Qxe7 22. Qe4 Rb8 23. Rfe1 Rc8 24. Qg4 g6 25. Rd3 c4 26. Rd4 Ra8 27. Red1 Nc6 28.
R4d2 O-O 29. Nd4 Ncxe5 30. Qf4 Rac8 31. Re2 Nc6 32. Rxe6 Qd7 33. Qe4 Nxd4 34.
Rxd4 Qa7 35. g4 Ng5 36. Qe5 Nf3+ 37. Kg2 Nxe5 38. Re4 Qxf2+ 39. Kh1 Nd7 40. Re1
Qxc2 41. R6e2 Qc3 42. a4 Qxh3+ 43. Kg1 Qxg4+ 44. Rg2 Qh4 45. axb5 Qd4+ 46. Rf2
axb5 47. b4 Qxf2+ 48. Kh1 Rf3 49. Re8+ Rxe8 1/2-1/2

[Event "Challenge"]
[Site "http://www.queenalice.com/game.php?id=1614673"]
[Date "2020.5.31"]
[Round "-"]
[White "iceman_gobbi"]
[Black "esquadro"]
[Result "1-0"]
[WhiteElo "1470"]
[BlackElo "1529"]

1. e4 e5 2. Nf3 d6 3. d4 exd4 4. Nxd4 Nf6 5. Nc3 Na6 6. Bd3 d5 7. Bb5+ Bd7 8. e5
Ne4 9. Nxe4 dxe4 10. Qg4 Bxb5 11. Nxb5 Nb4 12. Qxe4 Be7 13. O-O Nc6 14. e6 O-O
15. Bf4 fxe6 16. Qxe6+ Rf7 17. Be5 Nxe5 18. Qxe5 Qd7 19. Rad1 Qc8 20. Nxc7 Rb8
21. Nd5 Bc5 22. b4 Bd6 23. Qxd6 Qd8 24. Qe6 Qe8 25. Rfe1 Kf8 26. Qd6+ Kg8 27.
Rxe8+ Rxe8 28. g3 b6 29. Nc7 Rc8 30. Re1 g6 31. Re8+ Rxe8 32. Nxe8 Rf8 33. Qe6+
Kh8 34. Qe5+ Kg8 35. Qg7# 1-0

[Event "Challenge"]
[Site "http://www.queenalice.com/game.php?id=1615059"]
[Date "2020.6.3"]
[Round "-"]
[White "Eugenederouf"]
[Black "esquadro"]
[Result "0-1"]
[WhiteElo "1413"]
[BlackElo "1486"]

1. e4 e5 2. Bc4 Nh6 3. Qh5 Qf6 4. Nf3 Qf4 5. O-O Nc6 6. d3 Qg4 7. Qh4 Qxh4 8.
Nxh4 Nd4 9. Bxh6 gxh6 10. Nc3 Nxc2 11. Rac1 Nb4 12. Ra1 Bc5 13. Nd5 Nxd5 14.
exd5 h5 15. Rae1 Bd6 16. a3 a6 17. Nf5 Bc5 18. Rxe5+ Kd8 19. b4 b5 20. Bb3 Bb6
21. Ne7 Ke8 22. Nf5+ Kf8 23. Ne7 Bb7 24. Nf5 d6 25. Re7 Re8 26. Rd7 Bc8 27. Re7
Rxe7 28. Nxe7 Kxe7 29. Re1+ Kf6 30. Bc2 Rg8 31. Rf1 Rg5 32. h3 Rxd5 33. Bb3 Rxd3
34. Bc2 Rxa3 35. Be4 Kg7 36. g4 Rxh3 37. Bg2 Ra3 38. Re1 Bxg4 39. Kf1 h4 40. f3
Bf5 41. f4 Bd3+ 42. Re2 Ra1# 0-1

[Event "Let's Play Chess!"]
[Site "http://www.queenalice.com/game.php?id=1618307"]
[Date "2020.6.28"]
[Round "-"]
[White "ArmandoFerreira"]
[Black "esquadro"]
[Result "1-0"]
[WhiteElo "2833"]
[BlackElo "1505"]

1. c4 e5 2. e3 Na6 3. Nc3 c6 4. Nf3 d6 5. d4 Bf5 6. e4 exd4 7. Nxd4 Be6 8. Be2
Qf6 9. Be3 O-O-O 10. Nd5 Qe5 11. Nxc6 bxc6 12. Qa4 cxd5 13. cxd5 Qxb2 14. Bxa6+
Kb8 15. O-O Ka8 16. Qc6+ Kb8 17. Rab1 Qb6 18. Rxb6+ axb6 19. Qb7# 1-0

[Event "Let's Play Chess!"]
[Site "http://www.queenalice.com/game.php?id=1618462"]
[Date "2020.6.28"]
[Round "-"]
[White "esquadro"]
[Black "mariesco"]
[Result "1-0"]
[WhiteElo "1505"]
[BlackElo "1550"]

1. e3 d6 2. b3 Nf6 3. d3 g6 4. Nc3 Bg7 5. d4 b6 6. b4 a6 7. b5 d5 8. Nf3 Ne4 9.
Nxe4 dxe4 10. Nd2 Qd5 11. Bc4 Qg5 12. Rg1 Bb7 13. Qe2 a5 14. a4 Nd7 15. Ba2 Nf6
16. Qc4 Bd5 17. Qxc7 Bxa2 18. Qc6+ Nd7 19. Qxa8+ Nb8 20. Qxb8+ Kd7 21. Qxb6 Rc8
22. Rxa2 Qd5 23. Ra1 f5 24. c4 Qd6 25. Qxa5 Qxh2 26. Kf1 Qc7 27. Qb4 h5 28. Bb2
Rb8 29. c5 Ke8 30. Qc4 g5 31. Qe6 Qd7 32. Qg8+ Bf8 33. Qxg5 f4 34. Qxh5+ Kd8 35.
Bc3 Ra8 36. c6 Qd6 37. Nxe4 Qe6 38. f3 Qc4+ 39. Kf2 Qb3 40. exf4 Qc2+ 41. Kg3
Qe2 42. a5 Qxb5 43. Qxb5 1-0

[Event "Another game budy,next you choos"]
[Site "http://www.queenalice.com/game.php?id=1620257"]
[Date "2020.7.13"]
[Round "-"]
[White "iceman_gobbi"]
[Black "esquadro"]
[Result "1-0"]
[WhiteElo "1764"]
[BlackElo "1494"]

1. Nf3 e6 2. d4 d5 3. c4 Nf6 4. Nc3 Nc6 5. b3 Bb4 6. Bb2 h6 7. e3 Ne4 8. Qc2 f6
9. a3 Bxc3+ 10. Bxc3 Nxc3 11. Qxc3 dxc4 12. Bxc4 Qe7 13. O-O g5 14. h3 Rg8 15.
e4 g4 16. hxg4 Rxg4 17. e5 h5 18. Nh2 Rg8 19. Rfe1 f5 20. Re3 Nd8 21. Rg3 Rh8
22. Qf3 h4 23. Rg6 Bd7 24. Qf4 Qh7 25. Qg5 Nf7 26. Qf6 Rg8 27. Rxg8+ Qxg8 28.
Bxe6 Qf8 29. Qxf5 Bxe6 30. Qxe6+ Qe7 31. Qg6 O-O-O 32. Rd1 Rf8 33. Qg4+ Kb8 34.
Nf3 Rh8 35. b4 Rh6 36. Qg8+ Nd8 37. Ng5 Kc8 38. d5 Rh5 39. f4 b6 40. Rc1 Rxg5
41. Qxg5 Qxg5 42. fxg5 Nf7 43. g6 Nh6 44. e6 Kd8 45. Rc6 Nf5 46. Kf2 Nh6 47. Kf3
Nf5 48. Kg4 Ne7 49. g7 Ng8 50. Kxh4 Ne7 51. d6 cxd6 52. Rxd6+ Ke8 53. Rd7 a6 54.
Ra7 a5 55. Ra8+ Nc8 56. Rxc8+ Ke7 57. g8=Q axb4 58. Rd8 Kf6 59. Rf8+ Ke5 60. e7
bxa3 61. e8=R+ Kd4 62. Rc8 Ke3 63. Qd5 Ke2 64. Rce8# 1-0

[Event "Challenge"]
[Site "http://www.queenalice.com/game.php?id=1620710"]
[Date "2020.7.17"]
[Round "-"]
[White "IMONTELO"]
[Black "esquadro"]
[Result "1-0"]
[WhiteElo "1659"]
[BlackElo "1506"]

1. e4 e5 2. Qf3 Nh6 3. d3 Nc6 4. Bxh6 gxh6 5. g3 Nd4 6. Qd1 d5 7. Nc3 Be6 8. Bg2
c6 9. Nf3 Nxf3+ 10. Qxf3 Qe7 11. O-O d4 12. Nd1 Qg5 13. Qe2 Bg4 14. Qe1 Qg6 15.
h3 Bd7 16. b3 Bc5 17. b4 Bd6 18. Nb2 c5 19. a3 cxb4 20. axb4 Qe6 21. Bf3 Qe7 22.
c3 Bxh3 23. Bg2 Bg4 24. Qc1 Qe6 25. Nc4 Be7 26. f4 h5 27. Nxe5 a6 28. cxd4 Bxb4
29. f5 Qb6 30. Qc4 O-O 31. Nd7 Qd8 32. Nxf8 Qxf8 33. Rab1 a5 34. Qc1 Be2 35.
Qg5+ Kh8 36. Rf2 Bxd3 37. Rc1 Be7 38. Qd2 Bb5 39. Qb2 Qe8 40. d5+ Kg8 41. Bf1
Ba6 42. Bxa6 bxa6 43. Qd2 Bd6 44. Qg5+ Kh8 45. Qf6+ Kg8 46. Qxd6 Qxe4 47. Qc6
Rf8 48. Rc5 Qb1+ 49. Rf1 Qa1 50. Rxa1 1-0